Online Catalogue and eLibrary

Content and Consciousness (Record no. 714)

MARC details
000 -LEADER
fixed length control field 00407nam a2200169Ia 4500
005 - DATE AND TIME OF LATEST TRANSACTION
control field 20240628053744.0
008 - FIXED-LENGTH DATA ELEMENTS--GENERAL INFORMATION
fixed length control field 240331s9999 xx 000 0 und d
020 ## - INTERNATIONAL STANDARD BOOK NUMBER
ISBN 0415104319
082 ## - DDC Classification
Class No. 128
Item Number - Author Mark DEN
100 ## - MAIN ENTRY--PERSONAL NAME
Personal name Dennett, C. Daniel
245 #0 - TITLE STATEMENT
Title Content and Consciousness
260 ## - PUBLICATION, DISTRIBUTION, ETC.
Place of publication, distribution, etc. New york
Name of publisher, distributor, etc. Routledge
Date of publication, distribution, etc. 1986
300 ## - PHYSICAL DESCRIPTION
Extent (e.g. Volumes, Pages etc.) xvi, 198 p .,
650 ## - SUBJECT ADDED ENTRY--TOPICAL TERM
Topical term or geographic name entry element philosophy
650 ## - SUBJECT ADDED ENTRY--TOPICAL TERM
Topical term or geographic name entry element information
942 ## - Koha item type (Biblio)
Koha item type Books in Stacks (Lending)
Holdings
Lost status Damaged status Collection code Home library Current library Shelving location Date acquired Full call number Accession Number Item type
    Lending WERC Library WERC Library Social Science Cupboard 03/31/2024 128 DEN 5049 Books in Stacks (Lending)

© WERC Library